000 00703cam a2200265 a 4500
008
020 _a0805374345 (pbk.)
049 _aMAIN
090 _aQH308.2
_bCAM
100 _aCampbell
245 0 _aBiology :
_bconcepts & connections /
_cCampbell...[et al.]
250 _a4th ed.
260 _aSan Francisco :
_bBenjamin Cummings,
_c2003.
300 _axiv, 242p. :
_bill. ;
_c28 cm.+CD.
500 _aIncludes index.
650 0 _aBiology.
700 _aMitchell.
700 _aTaylor.
700 _aReece.
907 _a.b10366301
_b24-11-15
_c18-11-15
003
005 20230123122158.0
040 _cNUST
942 _cBOOKS
_kQH308.2
_mCAM
999 _c129177
_d129177